Gemeinden von St. Veit an der Glan - Statistiken

Allgemein
  • Dieses Quiz wurde 190 mal gespielt
  • Das Durchschnittsergebnis liegt bei 11 aus 20
Antwortstatistiken
Einwohner Gemeinde % Korrekt
12.557 St. Veit an der Glan
96%
4.924 Friesach
87%
4.678 Althofen
84%
3.609 St. Georgen am Längsee
76%
1.216 Gurk
69%
2.725 Brückl
64%
1.388 Hüttenberg
62%
2.036 Straßburg
60%
2.058 Weitensfeld im Gurktal
60%
3.344 Liebenfels
53%
1.976 Metnitz
51%
902 Deutsch-Griffen
45%
1.943 Kappel am Krappfeld
45%
1.251 Eberstein
44%
1.766 Klein St. Paul
44%
1.011 Micheldorf
42%
3.566 Frauenstein
40%
795 Glödnitz
38%
1.491 Guttaring
38%
1.319 Mölbling
33%
Keine übereinstimmenden Quizze gefunden
Verteilung der Resultate
Anzahl Personen mit jedem Resultat
Perzentil nach korrekt beantworteten Fragen
Ihre Resultats-Entwicklung
Sie haben dieses Quiz noch nicht gespielt